[Event "SRB-chT Women 1st League 2019"]
[Site "Subotica"]
[Date "2019.08.27"]
[Round "6"]
[White "Zimina, Olga"]
[Black "Doluhanova, Evgeniya"]
[Result "1-0"]
[WhiteElo "2376"]
[BlackElo "2305"]
[Annotator "NA"]
[PlyCount "57"]
[EventDate "2019.08.23"]
[EventType "team-tourn"]
[EventCountry "SRB"]
[SourceTitle "playchess.com"]
[Source "ChessBase"]
[SourceQuality "1"]
[TimeControl "40/5400+30:1800+30"]

1. d4 {[%emt 0:00:30]} Nf6 {[%emt 0:00:30]} 2. c4 {[%emt 0:00:00]} e6 {[%emt 0:00:00]} 3. g3 {[%emt 0:00:00]} d5 {[%emt 0:00:00]} 4. Bg2 {[%emt 0:00:00]} Bb4+ {[%emt 0:00:30]} 5. Nd2 {[%emt 0:00:00]} c6 {[%emt 0:06:30]} 6. Qc2 {[%emt 0:02:30]} O-O {[%emt 0:01:30]} 7. Ngf3 {[%emt 0:00:30]} Ne4 {[%emt 0:07:30]} 8. O-O {[%emt 0:00:30]} Nxd2 {[%emt 0:00:30]} 9. Nxd2 {[%emt 0:01:30]} b5 {[%emt 0:07:30]} 10. c5 {[%emt 0:10:30]} Nd7 {[%emt 0:07:30]} 11. e4 {[%emt 0:00:30]} Bb7 {[%emt 0:07:30]} 12. exd5 {[%emt 0:23:30]} exd5 {[%emt 0:04:30]} 13. Nf3 {[%emt 0:00:30]} Ba5 {[%emt 0:26:30]} 14. Bg5 {[%emt 0:15:30]} f6 {[%emt 0:00:30]} 15. Bf4 {[%emt 0:01:30]} Re8 {[%emt 0:00:30]} 16. a4 {[%emt 0:00:30]} b4 {[%emt 0:00:30]} 17. Rfe1 {[%emt 0:00:30]} Nf8 {[%emt 0:00:30]} 18. Bd2 {[%emt 0:05:30]} Ba6 {[%emt 0:02:30]} 19. Qf5 {[%emt 0:06:30]} Qc7 {[%emt 0:09:48]} 20. b3 {[%emt 0:07:30]} Qf7 {[%emt 0:01:16]} 21. Bf1 {[%emt 0:03:28]} Bxf1 {[%emt 0:02:27]} 22. Kxf1 {[%emt 0:00:02]} Qg6 {[%emt 0:00:12]} 23. Nh4 {[%emt 0:01:34]} Qf7 {[%emt 0:03:08]} 24. Qd3 {[%emt 0:01:20]} Ne6 {[%emt 0:04:10]} 25. Nf5 {[%emt 0:01:08]} Qg6 {[%emt 0:01:33]} 26. Re3 {[%emt 0:00:26]} Kf8 {[%emt 0:01:05]} 27. Nd6 {[%emt 0:04:42]} Qxd3+ {[%emt 0:00:39]} 28. Rxd3 {[%emt 0:00:01]} Re7 {[%emt 0:00:11]} 29. Re1 1-0

[Event "SRB-chT Women 1st League 2019"]
[Site "Subotica"]
[Date "2019.08.27"]
[Round "6"]
[White "Bojkovic, Natasa"]
[Black "Atalik, Ekaterina"]
[Result "1/2-1/2"]
[WhiteElo "2374"]
[BlackElo "2456"]
[Annotator "ChessBase"]
[PlyCount "86"]
[EventDate "2019.08.23"]
[EventType "team-tourn"]
[EventCountry "SRB"]
[SourceTitle "playchess.com"]
[Source "ChessBase"]
[SourceQuality "1"]
[TimeControl "40/5400+30:1800+30"]

1. e4 {[%emt 0:00:30]} e5 {[%emt 0:00:30]} 2. Nf3 {[%emt 0:00:00]} Nc6 {[%emt 0:00:00]} 3. Bb5 {[%emt 0:01:00]} a6 {[%emt 0:00:00]} 4. Ba4 {[%emt 0:00:30]} Nf6 {[%emt 0:00:30]} 5. d3 {[%emt 0:00:30]} d6 {[%emt 0:00:30]} 6. c4 {[%emt 0:00:30]} g6 {[%emt 0:01:30]} 7. Nc3 {[%emt 0:00:30]} Bg7 {[%emt 0:00:30]} 8. Nd5 {[%emt 0:00:30]} Bd7 {[%emt 0:01:30]} 9. O-O {[%emt 0:06:30]} Nxd5 {[%emt 0:07:30]} 10. cxd5 {[%emt 0:00:30]} Ne7 {[%emt 0:00:30]} 11. Bxd7+ {[%emt 0:02:30]} Qxd7 {[%emt 0:00:30]} 12. Be3 {[%emt 0:04:30]} c6 {[%emt 0:02:30]} 13. dxc6 {[%emt 0:01:30]} Nxc6 {[%emt 0:00:00]} 14. Nd2 {[%emt 0:09:30]} O-O {[%emt 0:07:00]} 15. Nc4 {[%emt 0:00:30]} Rab8 {[%emt 0:03:30]} 16. Nb6 {[%emt 0:03:30]} Qe6 {[%emt 0:00:30]} 17. Qa4 {[%emt 0:06:30]} f5 {[%emt 0:10:30]} 18. f3 {[%emt 0:05:30]} Rf7 {[%emt 0:03:30]} 19. Rac1 {[%emt 0:05:30]} f4 {[%emt 0:02:30]} 20. Bf2 {[%emt 0:00:00]} g5 {[%emt 0:01:30]} 21. Qb3 {[%emt 0:08:00]} Qg6 {[%emt 0:07:30]} 22. Nd5 {[%emt 0:00:30]} Re8 {[%emt 0:03:30]} 23. Nc7 {[%emt 0:05:30]} Rc8 {[%emt 0:03:30]} 24. Nd5 {[%emt 0:01:30]} Bf8 {[%emt 0:05:30]} 25. Nb4 {[%emt 0:09:30]} g4 {[%emt 0:03:30]} 26. fxg4 {[%emt 0:03:30]} Qxg4 {[%emt 0:00:00]} 27. Nxc6 {[%emt 0:00:30]} bxc6 {[%emt 0:01:00]} 28. d4 {[%emt 0:01:30]} Bg7 {[%emt 0:07:30]} 29. d5 {[%emt 0:04:17]} cxd5 {[%emt 0:14:27]} 30. h3 {[%emt 0:05:59]} Qd7 {[%emt 0:00:20]} 31. Qxd5 {[%emt 0:00:24]} Bf8 {[%emt 0:01:55]} 32. Kh2 {[%emt 0:03:09]} Kg7 {[%emt 0:00:38]} 33. b3 {[%emt 0:01:16]} Rf6 {[%emt 0:04:08]} 34. Rfd1 {[%emt 0:05:00]} f3 {[%emt 0:01:49]} 35. Rxc8 {[%emt 0:01:50]} Qxc8 {[%emt 0:00:05]} 36. Rg1 {[%emt 0:01:33]} fxg2 {[%emt 0:01:09]} 37. Rxg2+ {[%emt 0:00:02]} Rg6 {[%emt 0:00:05]} 38. Rxg6+ {[%emt 0:00:29]} hxg6 {[%emt 0:00:07]} 39. Qc4 {[%emt 0:03:40]} Qxc4 {[%emt 0:03:12]} 40. bxc4 {[%emt 0:00:00]} Kf6 {[%emt 0:00:00]} 41. Kg3 {[%emt 0:02:51]} Ke6 {[%emt 0:02:35]} 42. Kf3 {[%emt 0:00:30]} Bh6 {[%emt 0:06:30]} 43. Ke2 {[%emt 0:01:30]} Kd7 1/2-1/2

[Event "SRB-chT Women 1st League 2019"]
[Site "Subotica"]
[Date "2019.08.27"]
[Round "6"]
[White "Nomin-Erdene, Davaademberel"]
[Black "Nestorovic, Katarina"]
[Result "1/2-1/2"]
[WhiteElo "2367"]
[BlackElo "2159"]
[Annotator "NA"]
[PlyCount "55"]
[EventDate "2019.08.23"]
[EventType "team-tourn"]
[EventCountry "SRB"]
[SourceTitle "playchess.com"]
[Source "ChessBase"]
[SourceQuality "1"]
[TimeControl "40/5400+30:1800+30"]

1. e4 {[%emt 0:00:30]} c5 {[%emt 0:00:30]} 2. Nf3 {[%emt 0:00:00]} e6 {[%emt 0:00:00]} 3. d4 {[%emt 0:00:00]} cxd4 {[%emt 0:00:00]} 4. Nxd4 {[%emt 0:00:00]} Nf6 {[%emt 0:00:00]} 5. Nc3 {[%emt 0:00:00]} d6 {[%emt 0:00:00]} 6. Be3 {[%emt 0:00:00]} Be7 {[%emt 0:00:30]} 7. f3 {[%emt 0:00:00]} O-O {[%emt 0:00:30]} 8. Qd2 {[%emt 0:00:30]} Nc6 {[%emt 0:00:30]} 9. g4 {[%emt 0:00:00]} d5 {[%emt 0:00:30]} 10. g5 {[%emt 0:14:00]} Nh5 {[%emt 0:00:30]} 11. f4 {[%emt 0:13:30]} Nxd4 {[%emt 0:14:30]} 12. Qxd4 {[%emt 0:04:30]} dxe4 {[%emt 0:01:30]} 13. Qxe4 {[%emt 0:04:30]} Bd7 {[%emt 0:02:30]} 14. Bd3 {[%emt 0:02:30]} g6 {[%emt 0:04:30]} 15. Qf3 {[%emt 0:14:30]} Bc6 {[%emt 0:11:30]} 16. Be4 {[%emt 0:03:30]} Rc8 {[%emt 0:01:30]} 17. Bd2 {[%emt 0:02:30]} Bxe4 {[%emt 0:06:30]} 18. Qxe4 {[%emt 0:00:30]} b5 {[%emt 0:00:30]} 19. O-O-O {[%emt 0:07:30]} Rc4 {[%emt 0:05:30]} 20. Qb7 {[%emt 0:06:30]} b4 {[%emt 0:05:30]} 21. Be3 {[%emt 0:09:53]} Qa5 {[%emt 0:11:30]} 22. Qxe7 {[%emt 0:03:04]} bxc3 {[%emt 0:00:30]} 23. Kb1 {[%emt 0:04:42]} cxb2 {[%emt 0:08:30]} 24. Bd4 {[%emt 0:07:57]} Rb8 {[%emt 0:17:38]} 25. Be5 {[%emt 0:00:22]} Rf8 {[%emt 0:03:28]} 26. Bd6 {[%emt 0:00:58]} Rfc8 {[%emt 0:00:48]} 27. Be5 {[%emt 0:00:58]} Rxc2 {[%emt 0:00:55]} 28. a3 {[%emt 0:00:28]} 1/2-1/2

[Event "SRB-chT Women 1st League 2019"]
[Site "Subotica"]
[Date "2019.08.27"]
[Round "6"]
[White "Belenkaya, Dina"]
[Black "Gajcin, Marina"]
[Result "1/2-1/2"]
[WhiteElo "2298"]
[BlackElo "2267"]
[Annotator "ChessBase"]
[PlyCount "159"]
[EventDate "2019.08.23"]
[EventType "team-tourn"]
[EventCountry "SRB"]
[SourceTitle "playchess.com"]
[Source "ChessBase"]
[SourceQuality "1"]
[TimeControl "40/5400+30:1800+30"]

1. e4 {[%emt 0:00:30]} c5 {[%emt 0:00:30]} 2. Nf3 {[%emt 0:00:00]} Nc6 {[%emt 0:00:00]} 3. Bb5 {[%emt 0:00:00]} g6 {[%emt 0:00:00]} 4. O-O {[%emt 0:00:30]} Bg7 {[%emt 0:00:00]} 5. d3 {[%emt 0:00:00]} e5 {[%emt 0:12:00]} 6. a3 {[%emt 0:02:00]} Nge7 {[%emt 0:03:30]} 7. b4 {[%emt 0:00:30]} b6 {[%emt 0:05:30]} 8. Bb2 {[%emt 0:07:30]} O-O {[%emt 0:01:30]} 9. Nc3 {[%emt 0:06:30]} Bb7 {[%emt 0:06:30]} 10. bxc5 {[%emt 0:02:30]} bxc5 {[%emt 0:01:30]} 11. Re1 {[%emt 0:03:30]} Rb8 {[%emt 0:06:30]} 12. Rb1 {[%emt 0:05:30]} Nd4 {[%emt 0:07:30]} 13. Bc4 {[%emt 0:05:30]} d6 {[%emt 0:03:30]} 14. Ba1 {[%emt 0:11:30]} Bc6 {[%emt 0:15:30]} 15. Rxb8 {[%emt 0:09:30]} Qxb8 {[%emt 0:00:30]} 16. Nd2 {[%emt 0:00:30]} Kh8 {[%emt 0:00:30]} 17. Nf1 {[%emt 0:01:30]} f5 {[%emt 0:01:30]} 18. f3 {[%emt 0:00:30]} f4 {[%emt 0:04:30]} 19. Qd2 {[%emt 0:12:30]} Qa8 {[%emt 0:05:30]} 20. Rb1 {[%emt 0:02:30]} Rb8 {[%emt 0:05:17]} 21. Rxb8+ {[%emt 0:06:30]} Qxb8 {[%emt 0:00:33]} 22. Nd5 {[%emt 0:00:30]} Nxd5 {[%emt 0:02:17]} 23. exd5 {[%emt 0:07:38]} Ba4 {[%emt 0:01:44]} 24. Bxd4 {[%emt 0:00:24]} cxd4 {[%emt 0:01:03]} 25. Qc1 {[%emt 0:02:54]} Bf6 {[%emt 0:01:12]} 26. Nd2 {[%emt 0:01:04]} Bd8 {[%emt 0:00:05]} 27. Bb3 {[%emt 0:00:54]} Be8 {[%emt 0:00:29]} 28. Qb1 {[%emt 0:01:08]} Kg7 {[%emt 0:02:26]} 29. Ba2 {[%emt 0:01:27]} Qxb1+ {[%emt 0:00:36]} 30. Bxb1 {[%emt 0:00:07]} Kf8 {[%emt 0:00:28]} 31. Ba2 {[%emt 0:01:32]} Ke7 {[%emt 0:01:18]} 32. Kf2 {[%emt 0:00:48]} Bb6 {[%emt 0:04:23]} 33. Bb3 {[%emt 0:00:15]} Bc5 {[%emt 0:01:33]} 34. a4 {[%emt 0:00:10]} Bb6 {[%emt 0:00:33]} 35. Ne4 {[%emt 0:00:30]} h6 {[%emt 0:01:43]} 36. h4 {[%emt 0:00:42]} Bd8 {[%emt 0:01:14]} 37. g3 {[%emt 0:00:53]} Kd7 {[%emt 0:00:58]} 38. Kg2 {[%emt 0:06:23]} Kc7 {[%emt 0:00:35]} 39. Nd2 {[%emt 0:01:48]} Bd7 {[%emt 0:01:58]} 40. Ne4 {[%emt 0:00:00]} Be7 {[%emt 0:00:00]} 41. a5 {[%emt 0:05:53]} Bb5 {[%emt 0:23:58]} 42. Bc4 {[%emt 0:01:30]} Ba4 {[%emt 0:00:16]} 43. c3 {[%emt 0:01:30]} Bd8 {[%emt 0:01:36]} 44. cxd4 {[%emt 0:08:03]} exd4 {[%emt 0:00:10]} 45. Kh3 {[%emt 0:02:32]} fxg3 {[%emt 0:01:18]} 46. Kxg3 {[%emt 0:00:12]} Kd7 {[%emt 0:00:24]} 47. a6 {[%emt 0:01:49]} Kc7 {[%emt 0:00:45]} 48. f4 {[%emt 0:01:56]} Bd7 {[%emt 0:00:45]} 49. Nf2 {[%emt 0:06:36]} Be7 {[%emt 0:02:26]} 50. Ng4 {[%emt 0:03:37]} h5 {[%emt 0:01:26]} 51. Nh6 {[%emt 0:00:07]} Kb6 {[%emt 0:01:24]} 52. f5 {[%emt 0:01:56]} Bf8 {[%emt 0:01:18]} 53. Ng8 {[%emt 0:00:28]} Bxf5 {[%emt 0:00:24]} 54. Kf4 {[%emt 0:00:03]} Kc7 {[%emt 0:03:04]} 55. Kg5 {[%emt 0:00:19]} Kd8 {[%emt 0:00:27]} 56. Kf6 {[%emt 0:00:11]} Ke8 {[%emt 0:00:51]} 57. Bb5+ {[%emt 0:00:16]} Kd8 {[%emt 0:00:18]} 58. Kf7 {[%emt 0:02:18]} g5 {[%emt 0:00:04]} 59. hxg5 {[%emt 0:00:08]} h4 {[%emt 0:00:25]} 60. Ba4 {[%emt 0:00:11]} Bxd3 {[%emt 0:01:09]} 61. Bd1 {[%emt 0:00:13]} h3 {[%emt 0:00:28]} 62. Bf3 {[%emt 0:01:07]} Be2 {[%emt 0:00:36]} 63. Bxe2 {[%emt 0:00:31]} h2 {[%emt 0:00:07]} 64. Bf3 {[%emt 0:00:05]} d3 {[%emt 0:00:00]} 65. Kxf8 {[%emt 0:00:13]} d2 {[%emt 0:00:01]} 66. g6 {[%emt 0:00:26]} d1=Q {[%emt 0:00:30]} 67. Bxd1 {[%emt 0:00:05]} h1=Q {[%emt 0:00:00]} 68. Bg4 {[%emt 0:01:17]} Qe4 {[%emt 0:02:06]} 69. Kf7 {[%emt 0:02:36]} Qxg4 {[%emt 0:01:13]} 70. Nf6 {[%emt 0:00:30]} Qc8 {[%emt 0:01:02]} 71. g7 {[%emt 0:00:11]} Qc7+ {[%emt 0:00:36]} 72. Kg6 {[%emt 0:00:40]} Qc2+ {[%emt 0:00:43]} 73. Kf7 {[%emt 0:00:40]} Qc7+ {[%emt 0:00:30]} 74. Kg6 {[%emt 0:00:38]} Qc2+ {[%emt 0:01:11]} 75. Kh6 {[%emt 0:01:36]} Qd2+ {[%emt 0:01:27]} 76. Kg6 {[%emt 0:00:54]} Qc2+ {[%emt 0:00:29]} 77. Kf7 {[%emt 0:00:30]} Qc7+ {[%emt 0:00:33]} 78. Kg6 {[%emt 0:00:09]} Qc2+ {[%emt 0:00:19]} 79. Kf7 {[%emt 0:00:30]} Qc7+ {[%emt 0:01:05]} 80. Kg6 {[%emt 0:00:38]} 1/2-1/2

[Event "SRB-chT Women 1st League 2019"]
[Site "Subotica"]
[Date "2019.08.27"]
[Round "6"]
[White "Chelushkina, Irina"]
[Black "Eric, Jovana"]
[Result "0-1"]
[WhiteElo "2275"]
[BlackElo "2270"]
[Annotator "NA"]
[PlyCount "102"]
[EventDate "2019.08.23"]
[EventType "team-tourn"]
[EventCountry "SRB"]
[SourceTitle "playchess.com"]
[Source "ChessBase"]
[SourceQuality "1"]
[TimeControl "40/5400+30:1800+30"]

1. g3 {[%emt 0:00:30]} d5 {[%emt 0:00:30]} 2. Bg2 {[%emt 0:00:30]} c6 {[%emt 0:00:30]} 3. d3 {[%emt 0:00:30]} Nf6 {[%emt 0:00:30]} 4. Nd2 {[%emt 0:00:30]} e5 {[%emt 0:00:30]} 5. e4 {[%emt 0:00:30]} Bd6 {[%emt 0:00:30]} 6. Ngf3 {[%emt 0:00:30]} O-O {[%emt 0:00:30]} 7. O-O {[%emt 0:00:30]} Nbd7 {[%emt 0:00:30]} 8. h3 {[%emt 0:00:30]} Re8 {[%emt 0:00:30]} 9. Re1 {[%emt 0:00:30]} Qc7 {[%emt 0:00:30]} 10. Nf1 {[%emt 0:00:30]} Nf8 {[%emt 0:00:30]} 11. Bg5 {[%emt 0:00:30]} dxe4 {[%emt 0:00:30]} 12. dxe4 {[%emt 0:00:30]} N6d7 {[%emt 0:00:30]} 13. N1d2 {[%emt 0:00:30]} Ne6 {[%emt 0:00:30]} 14. Nc4 {[%emt 0:00:30]} Bf8 {[%emt 0:00:30]} 15. Bd2 {[%emt 0:00:30]} f6 {[%emt 0:00:30]} 16. a4 {[%emt 0:00:30]} a5 {[%emt 0:00:30]} 17. Nh4 {[%emt 0:00:30]} b6 {[%emt 0:00:30]} 18. Bf1 {[%emt 0:00:30]} Ndc5 {[%emt 0:00:30]} 19. c3 {[%emt 0:00:30]} Bb7 {[%emt 0:00:30]} 20. Qc2 {[%emt 0:00:30]} Rad8 {[%emt 0:00:30]} 21. Be3 {[%emt 0:00:30]} Nd7 {[%emt 0:00:30]} 22. Red1 {[%emt 0:00:30]} g6 {[%emt 0:00:30]} 23. Rxd7 {[%emt 0:00:30]} Qxd7 {[%emt 0:00:30]} 24. Bxb6 {[%emt 0:00:30]} Ra8 {[%emt 0:00:30]} 25. Rd1 {[%emt 0:00:30]} Qf7 {[%emt 0:00:30]} 26. Bxa5 {[%emt 0:00:30]} Kh8 {[%emt 0:00:30]} 27. b4 {[%emt 0:00:30]} Ng5 {[%emt 0:00:30]} 28. Ne3 {[%emt 0:00:30]} Qe6 {[%emt 0:00:30]} 29. g4 {[%emt 0:00:30]} Ba6 {[%emt 0:00:30]} 30. Bg2 {[%emt 0:00:30]} Be7 {[%emt 0:00:30]} 31. c4 {[%emt 0:00:30]} Qc8 {[%emt 0:00:30]} 32. c5 {[%emt 0:00:30]} Ne6 {[%emt 0:00:30]} 33. Nf3 {[%emt 0:00:30]} Nf4 {[%emt 0:00:30]} 34. Bb6 {[%emt 0:00:30]} Be2 {[%emt 0:00:30]} 35. Rd2 {[%emt 0:00:30]} Bxf3 {[%emt 0:00:30]} 36. Bxf3 {[%emt 0:00:30]} Nxh3+ {[%emt 0:00:30]} 37. Kh2 {[%emt 0:00:30]} Ng5 {[%emt 0:00:30]} 38. Bg2 {[%emt 0:00:30]} Ne6 {[%emt 0:00:30]} 39. Qd1 {[%emt 0:00:30]} Nd4 {[%emt 0:00:30]} 40. Nc4 {[%emt 0:00:30]} Qe6 {[%emt 0:00:30]} 41. Na5 {[%emt 0:30:30]} f5 {[%emt 0:30:30]} 42. exf5 {[%emt 0:00:30]} gxf5 {[%emt 0:00:30]} 43. Rxd4 {[%emt 0:00:30]} exd4 {[%emt 0:00:30]} 44. Bxc6 {[%emt 0:00:30]} Qe5+ {[%emt 0:00:30]} 45. Kh1 {[%emt 0:00:30]} Bf6 {[%emt 0:00:30]} 46. g5 {[%emt 0:00:30]} Bxg5 {[%emt 0:00:30]} 47. Bxa8 {[%emt 0:00:30]} Rxa8 {[%emt 0:00:30]} 48. c6 {[%emt 0:00:30]} Qd5+ {[%emt 0:00:30]} 49. f3 {[%emt 0:00:30]} Bf6 {[%emt 0:00:30]} 50. Qb3 {[%emt 0:00:30]} Qe5 {[%emt 0:00:30]} 51. c7 {[%emt 0:00:30]} Re8 {[%emt 0:00:30]} 0-1

[Event "SRB-chT Women 1st League 2019"]
[Site "Subotica"]
[Date "2019.08.27"]
[Round "6"]
[White "Velikic, Adela"]
[Black "Stojanovic, Andjelija"]
[Result "1/2-1/2"]
[WhiteElo "2252"]
[BlackElo "2350"]
[Annotator "NA"]
[PlyCount "60"]
[EventDate "2019.08.23"]
[EventType "team-tourn"]
[EventCountry "SRB"]
[SourceTitle "playchess.com"]
[Source "ChessBase"]
[SourceQuality "1"]
[TimeControl "40/5400+30:1800+30"]

1. d4 {[%emt 0:00:30]} g6 {[%emt 0:01:30]} 2. c4 {[%emt 0:00:30]} Bg7 {[%emt 0:01:30]} 3. Nc3 {[%emt 0:00:30]} d6 {[%emt 0:01:30]} 4. Nf3 {[%emt 0:00:00]} e5 {[%emt 0:04:30]} 5. dxe5 {[%emt 0:00:00]} dxe5 {[%emt 0:00:30]} 6. Qxd8+ {[%emt 0:00:30]} Kxd8 {[%emt 0:00:30]} 7. g3 {[%emt 0:00:30]} c6 {[%emt 0:22:30]} 8. Bg2 {[%emt 0:05:30]} h6 {[%emt 0:12:30]} 9. O-O {[%emt 0:05:30]} Be6 {[%emt 0:05:30]} 10. Rd1+ {[%emt 0:03:30]} Kc7 {[%emt 0:08:30]} 11. Be3 {[%emt 0:19:30]} Nd7 {[%emt 0:13:30]} 12. Rac1 {[%emt 0:02:30]} Ne7 {[%emt 0:01:30]} 13. Nd5+ {[%emt 0:07:30]} Kd8 {[%emt 0:00:30]} 14. Nxe7 {[%emt 0:06:30]} Kxe7 {[%emt 0:00:30]} 15. Nd2 {[%emt 0:03:30]} f5 {[%emt 0:02:30]} 16. b4 {[%emt 0:06:30]} Nb6 {[%emt 0:03:02]} 17. b5 {[%emt 0:06:30]} e4 {[%emt 0:01:40]} 18. bxc6 {[%emt 0:09:30]} bxc6 {[%emt 0:00:01]} 19. Rb1 {[%emt 0:00:30]} Rhd8 {[%emt 0:03:05]} 20. f3 {[%emt 0:07:41]} Bd4 {[%emt 0:05:19]} 21. Nf1 {[%emt 0:04:53]} Bxe3+ {[%emt 0:03:32]} 22. Nxe3 {[%emt 0:00:03]} Rxd1+ {[%emt 0:00:50]} 23. Rxd1 {[%emt 0:00:07]} exf3 {[%emt 0:01:46]} 24. Bxf3 {[%emt 0:00:10]} Nxc4 {[%emt 0:00:17]} 25. Nxc4 {[%emt 0:07:10]} Bxc4 {[%emt 0:00:01]} 26. Rd4 {[%emt 0:02:13]} Bxa2 {[%emt 0:02:16]} 27. Bxc6 {[%emt 0:00:08]} Rc8 {[%emt 0:02:48]} 28. Rd7+ {[%emt 0:00:43]} Kf6 {[%emt 0:00:48]} 29. Rxa7 {[%emt 0:00:10]} Rxc6 {[%emt 0:00:45]} 30. Rxa2 {[%emt 0:00:06]} Rb6 {[%emt 0:00:16]} 1/2-1/2

[Event "SRB-chT Women 1st League 2019"]
[Site "Subotica"]
[Date "2019.08.27"]
[Round "6"]
[White "Prudnikova, Svetlana"]
[Black "Pihajlic, Amalija"]
[Result "1-0"]
[WhiteElo "2234"]
[BlackElo "1889"]
[Annotator "NA"]
[PlyCount "61"]
[EventDate "2019.08.23"]
[EventType "team-tourn"]
[EventCountry "SRB"]
[SourceTitle "playchess.com"]
[Source "ChessBase"]
[SourceQuality "1"]
[TimeControl "40/5400+30:1800+30"]

1. d4 {[%emt 0:00:30]} d5 {[%emt 0:00:30]} 2. c4 {[%emt 0:00:00]} Bf5 {[%emt 0:00:30]} 3. cxd5 {[%emt 0:00:00]} Qxd5 {[%emt 0:00:00]} 4. Nc3 {[%emt 0:00:30]} Qa5 {[%emt 0:00:00]} 5. Nf3 {[%emt 0:05:30]} c6 {[%emt 0:00:30]} 6. g3 {[%emt 0:03:30]} h6 {[%emt 0:00:30]} 7. Bg2 {[%emt 0:00:30]} Nf6 {[%emt 0:00:30]} 8. O-O {[%emt 0:00:30]} e6 {[%emt 0:00:30]} 9. Ne5 {[%emt 0:01:30]} Be7 {[%emt 0:02:30]} 10. e4 {[%emt 0:03:30]} Bh7 {[%emt 0:00:30]} 11. d5 {[%emt 0:15:30]} exd5 {[%emt 0:09:30]} 12. exd5 {[%emt 0:00:00]} Qc7 {[%emt 0:04:30]} 13. dxc6 {[%emt 0:32:00]} bxc6 {[%emt 0:00:30]} 14. Bf4 {[%emt 0:03:30]} Bd6 {[%emt 0:11:30]} 15. Nb5 {[%emt 0:12:18]} cxb5 {[%emt 0:00:30]} 16. Rc1 {[%emt 0:00:12]} Qd8 {[%emt 0:05:30]} 17. Nc6 {[%emt 0:08:34]} Nxc6 {[%emt 0:04:30]} 18. Bxc6+ {[%emt 0:01:16]} Kf8 {[%emt 0:00:30]} 19. Qxd6+ {[%emt 0:02:46]} Kg8 {[%emt 0:00:30]} 20. Bxa8 {[%emt 0:00:34]} Qxa8 {[%emt 0:00:30]} 21. Qb8+ {[%emt 0:00:16]} Qxb8 {[%emt 0:01:30]} 22. Bxb8 {[%emt 0:00:30]} Bf5 {[%emt 0:03:30]} 23. Bxa7 {[%emt 0:00:06]} Kh7 {[%emt 0:00:30]} 24. Bd4 {[%emt 0:00:37]} Ne4 {[%emt 0:01:30]} 25. f3 {[%emt 0:00:35]} Nd2 {[%emt 0:00:30]} 26. Rf2 {[%emt 0:00:12]} Nc4 {[%emt 0:00:30]} 27. b3 {[%emt 0:00:46]} Nd6 {[%emt 0:01:30]} 28. Be5 {[%emt 0:01:14]} Ne8 {[%emt 0:00:30]} 29. Rd2 {[%emt 0:00:19]} Nf6 {[%emt 0:00:30]} 30. Bxf6 {[%emt 0:00:24]} gxf6 {[%emt 0:00:30]} 31. Rc5 {[%emt 0:00:24]} 1-0

[Event "SRB-chT Women 1st League 2019"]
[Site "Subotica"]
[Date "2019.08.27"]
[Round "6"]
[White "Injac, Teodora"]
[Black "Gaponenko, Inna"]
[Result "1-0"]
[WhiteElo "2223"]
[BlackElo "2446"]
[Annotator "NA"]
[PlyCount "99"]
[EventDate "2019.08.23"]
[EventType "team-tourn"]
[EventCountry "SRB"]
[SourceTitle "playchess.com"]
[Source "ChessBase"]
[SourceQuality "1"]
[TimeControl "40/5400+30:1800+30"]

1. d4 {[%emt 0:00:30]} Nf6 {[%emt 0:00:30]} 2. Nf3 {[%emt 0:00:30]} g6 {[%emt 0:00:30]} 3. c4 {[%emt 0:00:30]} Bg7 {[%emt 0:00:30]} 4. Nc3 {[%emt 0:00:30]} O-O {[%emt 0:00:30]} 5. e4 {[%emt 0:00:30]} d6 {[%emt 0:00:00]} 6. Be2 {[%emt 0:00:30]} e5 {[%emt 0:00:00]} 7. O-O {[%emt 0:00:30]} Nc6 {[%emt 0:00:30]} 8. Be3 {[%emt 0:00:30]} Re8 {[%emt 0:02:30]} 9. dxe5 {[%emt 0:00:30]} dxe5 {[%emt 0:00:30]} 10. h3 {[%emt 0:00:30]} b6 {[%emt 0:08:30]} 11. c5 {[%emt 0:03:30]} Bb7 {[%emt 0:00:30]} 12. Bc4 {[%emt 0:09:30]} Qe7 {[%emt 0:35:30]} 13. Qa4 {[%emt 0:21:30]} Nd4 {[%emt 0:20:30]} 14. Nxe5 {[%emt 0:15:30]} b5 {[%emt 0:18:11]} 15. Nxb5 {[%emt 0:17:30]} Qxe5 {[%emt 0:00:07]} 16. Bxd4 {[%emt 0:09:27]} Qxe4 {[%emt 0:00:05]} 17. f3 {[%emt 0:00:01]} Qc6 {[%emt 0:08:23]} 18. Qb3 {[%emt 0:01:17]} Rf8 {[%emt 0:00:42]} 19. Bf2 {[%emt 0:01:38]} Bc8 {[%emt 0:00:53]} 20. Nd4 {[%emt 0:02:07]} Qxc5 {[%emt 0:00:15]} 21. Ne6 {[%emt 0:01:50]} Qe7 {[%emt 0:00:12]} 22. Nxf8 {[%emt 0:00:12]} Qxf8 {[%emt 0:00:11]} 23. Rac1 {[%emt 0:03:27]} Bd7 {[%emt 0:00:12]} 24. Qb7 {[%emt 0:01:25]} Rb8 {[%emt 0:01:34]} 25. Qxa7 {[%emt 0:01:58]} Bh6 {[%emt 0:00:33]} 26. Rcd1 {[%emt 0:00:52]} Bf5 {[%emt 0:00:35]} 27. Bb3 {[%emt 0:00:58]} Qc8 {[%emt 0:00:22]} 28. Rfe1 {[%emt 0:01:17]} Ra8 {[%emt 0:00:38]} 29. Qd4 {[%emt 0:01:24]} Bg7 {[%emt 0:00:20]} 30. Bh4 {[%emt 0:02:00]} Ne8 {[%emt 0:00:37]} 31. Qd8 {[%emt 0:00:56]} Qxd8 {[%emt 0:00:27]} 32. Rxd8 {[%emt 0:00:09]} Rxd8 {[%emt 0:00:12]} 33. Bxd8 {[%emt 0:00:04]} Kf8 {[%emt 0:00:47]} 34. Be7+ {[%emt 0:00:58]} Kg8 {[%emt 0:00:04]} 35. Bb4 {[%emt 0:00:34]} Bd4+ {[%emt 0:00:11]} 36. Kh2 {[%emt 0:00:21]} Ng7 {[%emt 0:00:26]} 37. g4 {[%emt 0:00:45]} Be6 {[%emt 0:00:21]} 38. Bc3 {[%emt 0:00:29]} Bxb3 {[%emt 0:00:51]} 39. axb3 {[%emt 0:00:19]} Bb6 {[%emt 0:00:13]} 40. Ra1 {[%emt 0:00:00]} f5 {[%emt 0:00:00]} 41. Ra8+ {[%emt 0:08:32]} Kf7 {[%emt 0:00:38]} 42. Rh8 {[%emt 0:02:30]} Ne8 {[%emt 0:02:30]} 43. Rxh7+ {[%emt 0:00:30]} Ke6 {[%emt 0:00:30]} 44. Rh6 {[%emt 0:02:30]} Kf7 {[%emt 0:00:30]} 45. gxf5 {[%emt 0:00:30]} gxf5 {[%emt 0:01:30]} 46. Be5 {[%emt 0:00:30]} Be3 {[%emt 0:01:30]} 47. Rc6 {[%emt 0:01:30]} Ke7 {[%emt 0:00:30]} 48. b4 {[%emt 0:00:30]} Kd7 {[%emt 0:00:30]} 49. b5 {[%emt 0:00:30]} Bg5 {[%emt 0:00:30]} 50. Kg3 {[%emt 0:00:30]} 1-0